Industrial Engineering and Management (Record no. 5112)

MARC details
000 -LEADER
fixed length control field 00376nam a2200157Ia 4500
003 - CONTROL NUMBER IDENTIFIER
control field OSt
008 - FIXED-LENGTH DATA ELEMENTS--GENERAL INFORMATION
fixed length control field 191201s2011 xx 000 0 und d
082 ## - DEWEY DECIMAL CLASSIFICATION NUMBER
Classification number 658.5
Item number SHI
100 ## - MAIN ENTRY--PERSONAL NAME
Personal name SHANKAR, Ravi
245 #0 - TITLE STATEMENT
Title Industrial Engineering and Management
250 ## - EDITION STATEMENT
Edition statement Rep
260 ## - PUBLICATION, DISTRIBUTION, ETC. (IMPRINT)
Place of publication, distribution, etc New Delhi
Name of publisher, distributor, etc Galgatia Pub. Pvt
Date of publication, distribution, etc 2011
300 ## - PHYSICAL DESCRIPTION
Extent 826
650 ## - SUBJECT ADDED ENTRY--TOPICAL TERM
Topical term or geographic name as entry element M.Tech (ME)
942 ## - ADDED ENTRY ELEMENTS (KOHA)
Source of classification or shelving scheme Dewey Decimal Classification
Koha item type Text Books
Holdings
Withdrawn status Lost status Source of classification or shelving scheme Damaged status Not for loan Collection code Home library Current library Date acquired Source of acquisition Cost, normal purchase price Bill Number Total Checkouts Full call number Acc. no. / Barcode Date last seen Date last borrowed Bill Date Koha item type
    Dewey Decimal Classification     B.Tech(ME) PIET C-LIBRARY PIET C-LIBRARY 28/11/2011 Valley Book House 276.00 261 1 658.5 SHI 18710 11/07/2022 07/07/2022 21/11/2011 Text Books
    Dewey Decimal Classification     B.Tech(ME) PIET C-LIBRARY PIET C-LIBRARY 28/11/2011 Valley Book House 276.00 261 1 658.5 SHI 18711 16/07/2022 08/07/2022 21/11/2011 Text Books
    Dewey Decimal Classification     B.Tech(ME) PIET C-LIBRARY PIET C-LIBRARY 28/11/2011 Valley Book House 276.00 261 1 658.5 SHI 18712 11/07/2022 07/07/2022 21/11/2011 Text Books
    Dewey Decimal Classification     B.Tech(ME) PIET C-LIBRARY PIET C-LIBRARY 28/11/2011 Valley Book House 276.00 261 1 658.5 SHI 18713 27/02/2024 30/01/2024 21/11/2011 Text Books
    Dewey Decimal Classification     B.Tech(ME) PIET C-LIBRARY PIET C-LIBRARY 28/11/2011 Valley Book House 276.00 261   658.5 SHI 18714 04/12/2019   21/11/2011 Text Books

Design & Developed by: PIET Central Library
R70 Miles Stone Pattikalyana Samalkha Panipat 132102
mail ID :- [email protected], Phone No:- 0180-2569700 Ex.216